000 00477cam a2200169ua 4500
020 _c5.00
041 _amal
_h
082 _a334.01
_bMAD/IN
100 _aMadhusoodanan Pillai, S .
245 _aIndiayil sahakaranathinte ezhupathanju varshangal /
_cS Madhusoodanan Pillai.
_hTextual Documents
260 _aThiruvananthapuram :
_bState Instititute of Languages ,
_c1980.
300 _a138 ; .
365 _a5.00
504 _a
942 _cBK
999 _c4846
_d4846